| 000 | 00739nac a22002537a 4500 | ||
|---|---|---|---|
| 001 | BR9901521 | ||
| 003 | BR-BrBNA | ||
| 005 | 20240105122201.0 | ||
| 008 | 230509b bl.|||m| |||| 00| 0 por d | ||
| 040 |
_aBR-BrBNA _bpor _cBiblioteca Nacional de Agricultura |
||
| 072 | _aH10 | ||
| 090 | _a1000 BR9901521 | ||
| 110 | 1 |
_aSecretaria de Defesa Agropecuaria, Brasilia, DF (Brasil) _98722 |
|
| 245 | 1 | _aMinador da folha dos citros | |
| 260 | 3 |
_aBrasilia, DF (Brasil): _c1996. |
|
| 300 | _a4 p. | ||
| 490 |
_aAlerta Quarentenario (Brazil) _vno. 3 _x |
||
| 650 | _aFruta Citrica | ||
| 650 | _aPraga de Planta | ||
| 650 | _aPatogeno | ||
| 650 | _aInfestacao | ||
| 909 |
_a202312 _bLúcia Elande _c55 _dLúcia Elande |
||
| 942 |
_2AGRIS _n0 _cMS |
||
| 999 |
_c289675 _d289675 |
||